000 00822nac a22002417a 4500
001 BR0204460
003 BR-BrBNA
005 20240105122713.0
008 230509b bl.|||m| |||| 00| 0 por d
040 _aBR-BrBNA
_bpor
_cBiblioteca Nacional de Agricultura
072 _aH10
090 _a1112 BR0204460
110 1 _aEmpresa de Pesquisa Agropecuária do Estado do Rio de Janeiro, Niterói (Brasil)
245 1 _aControle biológico do moleque da bananeira
260 3 _aNiterói, RJ (Brasil):
_c2001.
300 _a4 p.
490 _aDocumentos - Empresa de Pesquisa Agropecuária do Estado do Rio de Janeiro (Brazil)
_vno. 80
_xISSN 1413-3903
650 _aBANANA
650 _aMOLEQUE
650 _aFUNGO PARA CONTROLE BIOLÓGICO
909 _a202312
_bLúcia Elande
_c55
_dLúcia Elande
942 _2AGRIS
_n0
_cMS
999 _c292404
_d292404